| 000 | 00652nam a22002177a 4500 | ||
|---|---|---|---|
| 003 | SISC | ||
| 005 | 20160404145407.0 | ||
| 008 | 130830t xxu||||| |||| 00| 0 eng d | ||
| 050 |
_aHM 131 _b.R37 1956 |
||
| 082 |
_aHS 301.35 _bR24 1956 |
||
| 100 |
_aRedfield, Robert, _d1897- _915817 |
||
| 245 |
_aThe little community, and Peasant society and culture. / _cRobert Redfield. |
||
| 260 |
_aChicago : _bThe University of Chicago Press, _cc1956. |
||
| 300 |
_av,92 p. : _c20 cm. |
||
| 500 | _aincludes index. | ||
| 562 | _e1 | ||
| 650 |
_aCommunity life. _915818 |
||
| 650 |
_aPeasantry. _xI. Title. _915819 |
||
| 942 |
_2lcc _cBK |
||
| 999 |
_c10031 _d10031 |
||